Normal view
MARC view
Entry Personal Name
001 - CONTROL NUMBER
- control field: 5626
003 - CONTROL NUMBER IDENTIFIER
- control field: OSt
005 - DATE AND TIME OF LATEST TRANSACTION
- control field: 20150829153809.0
008 - FIXED-LENGTH DATA ELEMENTS
- fixed length control field: 150829|| aca||aabn | a|a d
040 ## - CATALOGING SOURCE
- Original cataloging agency: OSt
- Transcribing agency: OSt
100 ## - HEADING--PERSONAL NAME
- Personal name: Varnadoe, Lionel A.
670 ## - SOURCE DATA FOUND
- Source citation: Work cat.: (OSt): Varnadoe, Lionel A., Medical laboratory management and supervision, 2008
